| 000 | 00348 a2200121 4500 | ||
|---|---|---|---|
| 001 | ART_29930 | ||
| 005 | 20260410162002.0 | ||
| 008 | 260409a | ||
| 245 | 1 | 0 | _aProhibición de regreso |
| 100 | 1 | _aKleiman, Hernán | |
| 700 | 1 | _aTello, Pablo L. | |
| 773 | 0 |
_tIntercátedras _gIV y V Encuentro 2013 - Nº 2 (jun. 2014) _wREV29919 |
|
| 999 |
_c31390 _d31390 |
||